Textbook of Nutrition (Record no. 142007)
[ view plain ]
| 000 -LEADER | |
|---|---|
| fixed length control field | 00388nam a2200157Ia 4500 |
| 008 - FIXED-LENGTH DATA ELEMENTS--GENERAL INFORMATION | |
| fixed length control field | 230314s9999 xx 000 0 und d |
| 020 ## - INTERNATIONAL STANDARD BOOK NUMBER | |
| International Standard Book Number | 978-93-81390-18-4 |
| 041 ## - LANGUAGE CODE | |
| Language code of text/sound track or separate title | eng |
| 082 ## - DEWEY DECIMAL CLASSIFICATION NUMBER | |
| Classification number | N/613.2/SOH/B08495 |
| 100 ## - MAIN ENTRY--PERSONAL NAME | |
| Personal name | Sohi Darshan |
| 245 ## - TITLE STATEMENT | |
| Title | Textbook of Nutrition |
| 260 ## - PUBLICATION, DISTRIBUTION, ETC. (IMPRINT) | |
| Name of publisher, distributor, etc. | S Vikas and Co |
| Place of publication, distribution, etc. | Jalandhar |
| Date of publication, distribution, etc. | 2009 |
| 300 ## - PHYSICAL DESCRIPTION | |
| Extent | 414p |
| 906 ## - LOCAL DATA ELEMENT F, LDF (RLIN) | |
| b | GNM |
| Withdrawn status | Lost status | Damaged status | Not for loan | Collection code | Home library | Current library | Date acquired | Vendor | Cost, normal purchase price | Bill number | Total Checkouts | Total Renewals | Full call number | Barcode | Date last seen | Date last checked out | Cost, replacement price | Bill Date | Koha item type | Original Barcode |
|---|---|---|---|---|---|---|---|---|---|---|---|---|---|---|---|---|---|---|---|---|
| Smt. Bakul Tambat Institute of Nursing Education | Smt. Bakul Tambat Institute of Nursing Education | 30/03/2017 | Samutkarsh | 465.00 | 4391 | 20 | 6 | N 613.2 SOH B08496 | BTIN-BK-8496 | 18/06/2025 | 10/06/2025 | 339.45 | 17/04/2010 | Books | B08496 | |||||
| Smt. Bakul Tambat Institute of Nursing Education | Smt. Bakul Tambat Institute of Nursing Education | 30/03/2017 | Samutkarsh | 465.00 | 4391 | 22 | 10 | N 613.2 SOH B08497 | BTIN-BK-8497 | 10/09/2025 | 05/09/2025 | 339.45 | 17/04/2010 | Books | B08497 |